| 000 | 00759cam a2200193 i 4500 | ||
|---|---|---|---|
| 005 | 20251127124101.0 | ||
| 008 | 250721s9999 ua gr 000 0 ara d | ||
| 082 | 1 | 4 |
_a212 _bس ي و |
| 100 | 1 |
_aالسيوطي، جلال الدين عبد الرحمن _eمؤلف. |
|
| 245 | 1 | 0 |
_aآية الكرسي : _bمعانيها وفضائلها / _cللامام الحافظ جلال الدين السيوطي . |
| 264 | 3 | 1 |
_aالقاهره : _bدار الإعتصام، _cبين [1980 و 1985]. |
| 300 | _a78صفحه. | ||
| 650 | 1 | 7 | _aالقرآن الكريم. |
| 650 | 1 | 7 | _aتفسير القرآن. |
| 700 | 1 |
_aالبدري، يوسف _dتحقيق. |
|
| 710 | 2 |
_aعاشور ,د.محمد احمد _bمراجعه. |
|
| 942 |
_2ddc _cBK |
||
| 999 |
_c17283 _d17283 |
||